| 000 | 00812nam a22001577a 4500 | ||
|---|---|---|---|
| 003 | OSt | ||
| 005 | 20151003144001.0 | ||
| 008 | 151003b xxu||||| |||| 00| 0 eng d | ||
| 040 | _cRUA | ||
| 082 | _aAVM SUN 1993 B073 Or.1 | ||
| 100 |
_91906 _aSUN HENG |
||
| 245 | _aThe effect of replacing dried fish meal with cassava leaf meal on digestion and digestive tract of local chickens, (ការសិក្សាលើប្រសិទ្ធភាព នៃការជំនួសម្សៅត្រីដោយម្សៅស្លឹកដំឡូងឈើលើការរំលាយអាហារ និងប្រដាប់រំលាយអាហារ នៃមាន់ក្នុងស្រុក) | ||
| 260 |
_aphnom penh _bRUA _c1993 |
||
| 300 |
_aix.45p. _bill. _c29cm. |
||
| 942 |
_2ddc _cAVM |
||
| 999 |
_c1801 _d1801 |
||